[Event "Lee Cup"]
[Site "Beijing"]
[Date "1996.??.??"]
[Round "2"]
[White "Liss, Eran"]
[Black "Wang Zili"]
[Result "1/2-1/2"]
[WhiteElo "2525"]
[BlackElo "2535"]

1.e4 c5 2.Nf3 d6 3.d4 cxd4 4.Nxd4 Nf6 5.Nc3 Nc6 6.Bg5 e6 7.Qd2 a6 8.O-O-O h6
9.Be3 Be7 10.f3 Nxd4 11.Bxd4 b5 12.Kb1 Rb8 13.e5 dxe5 14.Bxe5 Qxd2 15.Rxd2 Rb7
16.Bd3 O-O 17.Ne4 Nd5 18.c4 bxc4 19.Bxc4 Rd7 20.Nc3 Bb4 21.Bxd5 exd5 22.Rhd1 Bb7
23.a3 Bxc3 24.Bxc3 Re8 25.Rc1 Rc7 26.Bd4 Rxc1+ 27.Kxc1 Bc6 28.b3 f6 29.Kb2 Kf7  1/2-1/2

[Event "Lee Cup"]
[Site "Beijing"]
[Date "1996.??.??"]
[Round "2"]
[White "Tong Yuanming"]
[Black "Atalik, Suat"]
[Result "1/2-1/2"]
[WhiteElo "2500"]
[BlackElo "2525"]

1.e4 c5 2.Nf3 d6 3.d4 cxd4 4.Nxd4 Nf6 5.Nc3 Nc6 6.Bg5 e6 7.Qd2 a6 8.O-O-O h6
9.Be3 Be7 10.f4 Qc7 11.Kb1 b5 12.Bd3 Bb7 13.Rhe1 O-O 14.Nf3 Rad8 15.g4 d5
16.g5 Nxe4 17.Qg2 hxg5 18.Bxe4 dxe4 19.Nxg5 Bxg5 20.Qxg5 f6 21.Qc5 f5 22.a3 Rxd1+
23.Rxd1 Rd8 24.Rg1 Rd7 25.h4 Qd6 26.Qb6 Ne7 27.Qa5 e5 28.fxe5 Qxe5 29.Rf1 Qf6
30.h5 Kh7 31.a4 Bc6 32.axb5 axb5 33.Qb6 Rb7 34.Qc5 b4 35.Ne2 Bb5 36.Bd4 Qe6
37.Rg1 Nd5 38.Ng3 b3 39.c4 Bxc4 40.Qxc4 Rb4 41.Qf1 Rxd4 42.Nxf5 Rd2 43.Rxg7+ Kh8
44.Qg1 Qf6 45.Rg8+ Kh7 46.Rg7+ Kh8  1/2-1/2

[Event "Tan Cup"]
[Site "Beijing"]
[Date "1996.??.??"]
[Round "4"]
[White "Wang Zili"]
[Black "Atalik, Suat"]
[Result "1/2-1/2"]
[WhiteElo "2535"]
[BlackElo "2525"]

1.e4 c5 2.Nf3 d6 3.d4 cxd4 4.Nxd4 Nf6 5.Nc3 Nc6 6.Bg5 e6 7.Qd2 a6 8.O-O-O h6
9.Be3 Be7 10.f4 Nxd4 11.Bxd4 b5 12.Bd3 b4 13.Na4 Rb8 14.e5 dxe5 15.Bxe5 Bd7
16.f5 Bxa4 17.fxe6 Rc8 18.exf7+ Kxf7 19.Qf4 Qb6 20.Bc4+ Kf8 21.Rhe1 g5 22.Qf1 Kg7
23.Bd4 Qc7 24.Re6 Rhf8 25.Qf5 Bxc2 26.Kxc2 Qxc4+ 27.Kb1 Rc7 28.Be5 Rf7 29.Rf1 Rd7
30.Bxf6+ Bxf6 31.Rxf6 Qxf1+ 32.Qxf1 Rxf6 33.Qe1 a5 34.Qe8 Rdf7 35.Kc2 Rf5
36.Kb3 g4 37.Qe4 h5 38.Ka4 Kf6 39.Qd4+ Ke6 40.Qe4+ Kf6 41.Qd4+ Kg6 42.Qe4 Kg7
43.Qd4+ Kg6 44.Qe4 Kg7  1/2-1/2

[Event "Tan Cup"]
[Site "Beijing"]
[Date "1996.??.??"]
[Round "7"]
[White "Peng Xiaomin"]
[Black "Wang Zili"]
[Result "1/2-1/2"]
[WhiteElo "2490"]
[BlackElo "2535"]

1.e4 c5 2.Nf3 d6 3.d4 cxd4 4.Nxd4 Nf6 5.Nc3 Nc6 6.Bg5 e6 7.Qd2 a6 8.O-O-O h6
9.Be3 Be7 10.f4 Nxd4 11.Bxd4 b5 12.Kb1 Bb7 13.Bd3 O-O 14.g4 b4 15.Na4 Bc6
16.Nb6 Rb8 17.Bxf6 Bxf6 18.Nc4 d5 19.exd5 Bxd5 20.Rhg1 g6 21.f5 g5 22.fxe6 fxe6
23.Qe2 Bg7 24.Ne5 Rf4 25.Rde1 Qf6 26.Qe3 a5 27.h4 gxh4 28.Qc1 Qg5 29.Ng6 Rf6
30.Re2 Rf3 31.Qd1 Qf6 32.Ne5 Rf2 33.g5 hxg5 34.Rxf2 Qxe5 35.Qc1 Qd4 36.Rh2 b3
37.axb3 Bxb3 38.Rxg5 Ba2+ 39.Ka1 Bd5 40.c4 Qxd3 41.cxd5 Qa3+ 42.Kb1 Qd3+
43.Rc2 exd5 44.Rxg7+ Kxg7 45.Qg5+ Kh7 46.Qxh4+ Kg6 47.Qg4+ Kh7 48.Qh5+ Kg8
49.Qg5+ Kh7 50.Qe7+ Kg8 51.Qe6+ Kh7 52.Qc6 Rb4 53.Ka1 Rh4 54.Qd7+ Kh6 55.Rc6+ Kh5
56.Qf7+ Kg4 57.Rc1 Rh3 58.Rg1+ Rg3 59.Rf1 Qe4 60.Qg7+ Kh3 61.Qh6+ Kg4 62.Qg7+ Kh4  1/2-1/2

[Event "Lee Cup"]
[Site "Beijing"]
[Date "1996.??.??"]
[Round "8"]
[White "Wang Zili"]
[Black "Greenfeld, Alon"]
[Result "0-1"]
[WhiteElo "2535"]
[BlackElo "2555"]

1.e4 c5 2.Nf3 d6 3.d4 cxd4 4.Nxd4 Nf6 5.Nc3 Nc6 6.Bg5 e6 7.Qd2 a6 8.O-O-O h6
9.Be3 Be7 10.f4 Nxd4 11.Bxd4 b5 12.Kb1 Bb7 13.Bd3 b4 14.Na4 Bc6 15.Nb6 Rb8
16.Nc4 Nxe4 17.Bxe4 Bxe4 18.Bxg7 Rg8 19.Qd4 d5 20.Nd2 Bh7 21.g4 f6 22.Bxh6 Rxg4
23.Rhg1 Rh4 24.Bg7 Qc7 25.Bxf6 Rxf4 26.Qe5 Qxc2+ 27.Ka1 Qxb2+ 28.Kxb2 Bxf6
29.Qxf6 Rxf6 30.Rc1 Rg6 31.Rxg6 Bxg6 32.Nf3 Ke7 33.Rc6 Ra8 34.Nd4 Bf7 35.h4 a5
36.Nf3 Kf6 37.Rb6 Bh5 38.Nd4 Bg4 39.Nc2 Ke5 40.Rb5 Ke4  0-1

[Event "Lee Cup"]
[Site "Beijing"]
[Date "1996.??.??"]
[Round "10"]
[White "Liss, Eran"]
[Black "Wang Lei"]
[Result "1-0"]
[WhiteElo "2525"]
[BlackElo "2340"]

1.e4 c5 2.Nf3 d6 3.d4 cxd4 4.Nxd4 Nf6 5.Nc3 Nc6 6.Bg5 e6 7.Qd2 a6 8.O-O-O h6
9.Be3 Be7 10.f3 Nxd4 11.Bxd4 e5 12.Be3 Be6 13.Kb1 Rc8 14.Nd5 Nxd5 15.exd5 Bf5
16.Rc1 Bg5 17.g4 Bg6 18.h4 Bxe3 19.Qxe3 O-O 20.Bd3 Bxd3 21.Qxd3 g6 22.Qe3 Kg7
23.g5 hxg5 24.hxg5 Rc4 25.Qe2 Rd4 26.c3 Rxd5 27.Qe4 Rd2 28.Rh7+ Kxh7 29.Qh4+ Kg8
30.Rh1 Rd1+ 31.Rxd1 f6 32.Rh1 Kf7 33.Qe4 Ke6 34.Rh6 Qb6 35.Qc4+ Kd7 36.Rh7+ Kd8
37.a3 Qc6 38.Qe6 Re8 39.Qxf6+ Kc8 40.Qxg6 e4 41.fxe4 Rxe4 42.Qf7 Kb8 43.g6 Rg4
44.Qf8+ Ka7 45.Qf2+ Qc5 46.Rxb7+ Kxb7 47.Qf3+ Qc6 48.Qxg4 Qh1+ 49.Ka2 Qd5+
50.c4  1-0

[Event "Belgrade"]
[Site "Belgrade"]
[Date "1996.??.??"]
[Round "3"]
[White "Pikula, Dejan"]
[Black "Zontakh, Andrey"]
[Result "1-0"]
[WhiteElo "2455"]
[BlackElo "2580"]

1.e4 c5 2.Nf3 Nc6 3.d4 cxd4 4.Nxd4 Nf6 5.Nc3 d6 6.Bg5 e6 7.Qd2 a6 8.O-O-O h6
9.Be3 Be7 10.f3 Nxd4 11.Bxd4 b5 12.Kb1 Rb8 13.Ba7 Rb7 14.Be3 b4 15.Ne2 a5
16.Nd4 Bd7 17.g4 Qc7 18.h4 a4  1-0

[Event "Belgrade Yugometal (Women)"]
[Site "Belgrade"]
[Date "1996.??.??"]
[Round "7"]
[White "Skripchenko, Almira"]
[Black "Gaponenko, Inna"]
[Result "1/2-1/2"]
[WhiteElo "2370"]
[BlackElo "2340"]

1.e4 c5 2.Nf3 d6 3.d4 cxd4 4.Nxd4 Nf6 5.Nc3 Nc6 6.Bg5 e6 7.Qd2 a6 8.O-O-O Bd7
9.f4 h6 10.Bh4 g5 11.fxg5 Ng4 12.Nxc6 Bxc6 13.Be2 Ne5 14.g3 Ng6 15.Rhf1 Be7
16.gxh6 Nxh4 17.gxh4 Bf8 18.Qd4 Rxh6 19.h5 Qg5+ 20.Kb1 Qc5 21.Qd2 Rh7 22.Bg4 Bg7
23.Qxd6 Qxd6 24.Rxd6 Bxc3 25.bxc3 Bxe4 26.Bxe6 Ke7 27.Rd4 Bxc2+ 28.Kxc2 fxe6
29.Rg4  1/2-1/2

[Event "Belgrade Yugometal (Women)"]
[Site "Belgrade"]
[Date "1996.??.??"]
[Round "8"]
[White "Gaponenko, Inna"]
[Black "Galliamova, Alisa"]
[Result "1/2-1/2"]
[WhiteElo "2340"]
[BlackElo "2475"]

1.e4 c5 2.Nf3 Nc6 3.d4 cxd4 4.Nxd4 Nf6 5.Nc3 d6 6.Bg5 e6 7.Qd2 a6 8.O-O-O h6
9.Be3 Bd7 10.f4 Be7 11.Kb1 b5 12.Bd3 O-O 13.h3 Qb8 14.g4 Qb7 15.Qg2 Nxd4
16.Bxd4 b4 17.Ne2 Bc6 18.Ng3 d5 19.Rhe1 dxe4 20.Nxe4 Nxe4 21.Bxe4 Bxe4 22.Qxe4 Qxe4
23.Rxe4 Rfd8 24.f5 Rd6 25.fxe6 fxe6 26.Rde1 Bh4 27.Rf1 a5 28.c3 Rc6 29.Ref4 Bg3
30.R4f3 Bd6 31.Re3 e5 32.Bxe5 Bxe5 33.Rxe5 bxc3 34.b3 a4 35.b4 c2+ 36.Kc1 a3
37.Re2 Rc4 38.Rxc2 Rxb4 39.Rf3 Re4 40.Kd2 Rd4+ 41.Rd3 Rf4 42.Ke3 Rf1 43.Rcc3 Ra1
44.Rxa3 Rxa2 45.Rxa8+ Rxa8  1/2-1/2

[Event "Benasque op"]
[Site "Benasque"]
[Date "1996.??.??"]
[Round "3"]
[White "Ferguson, Mark"]
[Black "Kiselev, Sergey"]
[Result "1/2-1/2"]
[WhiteElo "2385"]
[BlackElo "2545"]

1.e4 c5 2.Nf3 Nc6 3.d4 cxd4 4.Nxd4 Nf6 5.Nc3 d6 6.Bg5 e6 7.Qd2 a6 8.O-O-O h6
9.Be3 Be7 10.f4 Nxd4 11.Bxd4 b5 12.Qe3 Qc7 13.e5 dxe5 14.fxe5 Nd7 15.Ne4 Bb7
16.Nd6+ Qxd6 17.exd6 Bg5 18.Qxg5 hxg5 19.Bxg7 Rh4 20.Bd4 f5 21.Bf2 Rh7 22.a4 Bc6
23.h4 Nf6 24.Bd3 Ng4 25.Bg3 gxh4 26.Rxh4 Rxh4 27.Bxh4 Kd7 28.Bg3 Rf8 29.axb5 axb5
30.Rh1 Rf7 31.c4 bxc4 32.Bxc4 Bxg2 33.Re1 Rf6 34.Bf4 e5 35.Bxe5 Nxe5 36.Rxe5 f4
37.Re7+ Kxd6 38.Rf7 Rxf7 39.Bxf7 f3 40.Kd2 f2 41.Bc4 Kc5  1/2-1/2

[Event "Berliner Sommer"]
[Site "Berlin"]
[Date "1996.??.??"]
[Round "3"]
[White "Polzin, Rainer"]
[Black "Groszpeter, Attila"]
[Result "1/2-1/2"]
[WhiteElo "2405"]
[BlackElo "2545"]

1.e4 c5 2.Nf3 d6 3.d4 cxd4 4.Nxd4 Nf6 5.Nc3 Nc6 6.Bg5 e6 7.Bb5 Bd7 8.Bxc6 bxc6
9.Qf3 h6 10.Bh4 Qb6 11.O-O-O Be7 12.Rhe1 Rb8 13.Nb3 c5 14.Qe3 Bd8  1/2-1/2

[Event "Berliner Sommer"]
[Site "Berlin"]
[Date "1996.??.??"]
[Round "3"]
[White "Lobzhanidze, Davit"]
[Black "San Segundo, Pablo"]
[Result "1/2-1/2"]
[WhiteElo "2330"]
[BlackElo "2505"]

1.e4 c5 2.Nf3 Nc6 3.d4 cxd4 4.Nxd4 Nf6 5.Nc3 d6 6.Bg5 e6 7.Qd2 a6 8.O-O-O h6
9.Be3 Be7 10.f3 Nxd4 11.Bxd4 b5 12.g4 Rb8 13.Kb1 b4 14.Ne2 e5 15.Bf2 Be6
16.Ng3 Qa5 17.b3 d5 18.Bd3 dxe4 19.Bxe4 Nxe4 20.Nxe4 O-O 21.h4 Rfd8 22.Qe2 Rxd1+
23.Rxd1 Rd8 24.Rg1 Qb5 25.Qe3 f6 26.g5 hxg5  1/2-1/2

[Event "Berliner Sommer"]
[Site "Berlin"]
[Date "1996.??.??"]
[Round "5"]
[White "Wahls, Matthias"]
[Black "Boidman, Yuri"]
[Result "1-0"]
[WhiteElo "2540"]
[BlackElo "2365"]

1.e4 c5 2.Nf3 Nc6 3.d4 cxd4 4.Nxd4 Nf6 5.Nc3 d6 6.Bg5 e6 7.Qd2 a6 8.O-O-O Bd7
9.f4 b5 10.Bxf6 gxf6 11.Kb1 b4 12.Nce2 Qb6 13.f5 Nxd4 14.Nxd4 e5 15.Ne2 h5
16.h4 Ke7 17.Ng3 Bh6 18.Qe2 Bc6 19.Nxh5 Qb7 20.Re1 a5 21.g4 a4 22.Rh3 Ra5
23.Nxf6 Kxf6 24.g5+ Ke7 25.gxh6 Rxh6 26.Qd2 Rf6 27.Bg2 a3 28.b3 Ra8 29.h5 Rh8
30.h6 Rh7 31.Qe3 Qb5 32.Rd1 Qc5 33.Qg5 Qf2 34.Bf3 Bxe4 35.Bxe4 Qe2 36.Bf3 Qb5  1-0

[Event "Berliner Sommer"]
[Site "Berlin"]
[Date "1996.??.??"]
[Round "5"]
[White "Timoshenko, Georgy"]
[Black "Groszpeter, Attila"]
[Result "1-0"]
[WhiteElo "2510"]
[BlackElo "2545"]

1.e4 c5 2.Nf3 d6 3.d4 cxd4 4.Nxd4 Nf6 5.Nc3 Nc6 6.Bg5 e6 7.Qd2 a6 8.O-O-O h6
9.Be3 Be7 10.f4 Nxd4 11.Bxd4 b5 12.Be2 b4 13.Na4 Nxe4 14.Qe3 Nf6 15.Bf3 Rb8
16.Ba7 Bd7 17.Nb6 Bb5 18.h4 O-O 19.f5 Qc7 20.Bxb8 Rxb8 21.Na8 Qd8 22.fxe6 Rxa8
23.exf7+ Kf8 24.g4 Rc8 25.g5 Qc7 26.Rd2 Nh7 27.gxh6 Bf6 28.Qe4 g6 29.Qxg6 Qxf7
30.Qxf7+ Kxf7 31.Rxd6 Rc5 32.Rb6 Bd3 33.Rh2 a5 34.Rd2 Bf5 35.Bh5+ Ke7 36.Rb7+ Ke6
37.Bf7+ Ke5 38.Bg8 Nf8 39.Rf7 Bxh4 40.Rxf8 Bg5 41.Rxf5+ Kxf5 42.h7 Re5 43.Kd1 Bh4
44.Rh2  1-0

[Event "Berliner Sommer"]
[Site "Berlin"]
[Date "1996.??.??"]
[Round "6"]
[White "Maeder, Karl Heinz"]
[Black "Makarov, Marat"]
[Result "0-1"]
[WhiteElo "2335"]
[BlackElo "2560"]

1.e4 c5 2.Nf3 Nc6 3.d4 cxd4 4.Nxd4 Nf6 5.Nc3 d6 6.Bg5 e6 7.Qd2 a6 8.O-O-O h6
9.Bf4 Bd7 10.Nxc6 Bxc6 11.f3 d5 12.Qe1 Bb4 13.a3 Ba5 14.b4 Bb6 15.exd5 Bxd5
16.Be5 O-O 17.Qh4 Be3+ 18.Kb2 Bg5 19.Qd4 Bc6 20.Qxd8 Rfxd8 21.Bd3 Nd7 22.Bd4 Bf4
23.Rde1 Rac8 24.Ne2 Bc7 25.Ng3 Nb6 26.Be5 Bd5 27.Bxc7 Rxc7 28.Ra1 Na4+ 29.Kb1 Bc4
30.Bxc4 Rxc4 31.Kc1 Rdc8 32.Ra2 Nc3 33.Rb2 Nb5 34.Rd1 Nxa3  0-1

[Event "Bern op"]
[Site "Bern"]
[Date "1996.??.??"]
[Round "3"]
[White "Mueller, M."]
[Black "Sziebert, Adam"]
[Result "1/2-1/2"]
[WhiteElo "2345"]
[BlackElo "2325"]

1.e4 c5 2.Nf3 d6 3.d4 cxd4 4.Nxd4 Nf6 5.Nc3 Nc6 6.Bg5 e6 7.Qd2 a6 8.O-O-O h6
9.Be3 Qc7 10.f4 Bd7 11.Bd3 b5 12.Rhe1 Na5 13.a3 Nc4 14.Bxc4 Qxc4 15.e5 dxe5
16.fxe5 b4 17.axb4 Nd5 18.Nxd5 exd5 19.e6 fxe6 20.b3 Qxb4 21.Qd3 O-O-O 22.Kb1 Kb7
23.Bf4 Qb6 24.Qg6 Bb4 25.Nxe6 Bxe1 26.Nxd8+ Rxd8 27.Qxb6+ Kxb6 28.Rxe1 Bf5
29.Kb2 Bc8 30.Re2 h5  1/2-1/2

[Event "Bern Cup"]
[Site "Bern"]
[Date "1996.??.??"]
[Round "4"]
[White "Kindermann, Stefan"]
[Black "Brunner, Lucas"]
[Result "1/2-1/2"]
[WhiteElo "2575"]
[BlackElo "2510"]

1.e4 c5 2.Nf3 d6 3.d4 cxd4 4.Nxd4 Nf6 5.Nc3 Nc6 6.Bg5 e6 7.Qd2 a6 8.O-O-O h6
9.Be3 Be7 10.f3 Nxd4 11.Bxd4 b5 12.Kb1 e5 13.Be3 Be6 14.Nd5 Nxd5 15.exd5 Bd7
16.Bd3 Bg5 17.f4 exf4 18.Bxf4 O-O 19.h4 Bxf4 20.Qxf4 Qc7 21.g4 Rae8 22.Rhf1 Re5
23.Rde1 Rxe1+ 24.Rxe1 Re8 25.Rxe8+ Bxe8 26.b4  1/2-1/2

[Event "Biel Credis"]
[Site "Biel"]
[Date "1996.??.??"]
[Round "2"]
[White "Lutz, Christopher"]
[Black "Landenbergue, Claude"]
[Result "1/2-1/2"]
[WhiteElo "2565"]
[BlackElo "2410"]

1.e4 c5 2.Nf3 d6 3.d4 cxd4 4.Nxd4 Nf6 5.Nc3 Nc6 6.Bg5 e6 7.Qd2 a6 8.O-O-O Bd7
9.f4 h6 10.Bh4 Nxe4 11.Qe1 Nf6 12.Nf5 Qa5 13.Nxd6+ Bxd6 14.Rxd6 O-O-O 15.Rd1 Qc7
16.Qe3 Ne7 17.Bd3 Bc6 18.Kb1 Nfd5 19.Nxd5 Rxd5 20.Qa7 Rhd8 21.Rhe1 R8d7 22.g4 Qd6
23.f5 e5 24.f6 gxf6 25.Rf1 f5 26.Bxe7 Rxe7 27.Bxf5+ Kc7 28.Rxd5 Bxd5 29.c4 Be6
30.Be4 Qb6 31.Qxb6+  1/2-1/2

[Event "Biel Credis"]
[Site "Biel"]
[Date "1996.??.??"]
[Round "5"]
[White "Sutovskij, Emil"]
[Black "Peptan, Corina"]
[Result "1/2-1/2"]
[WhiteElo "2565"]
[BlackElo "2395"]

1.e4 c5 2.Nf3 d6 3.d4 cxd4 4.Nxd4 Nf6 5.Nc3 Nc6 6.Bg5 e6 7.Qd2 a6 8.O-O-O h6
9.Be3 Nxd4 10.Bxd4 b5 11.Qe3 Bd7 12.e5 dxe5 13.Qxe5 Qb8 14.Qe3 Be7 15.Ne4 Nd5
16.Qf3 O-O 17.Qg4 g6 18.Bc5 Bxc5 19.Nxc5 Bc6 20.Nd3 e5 21.h4 h5 22.Qg5 Re8
23.Nc5 Kg7 24.Ne4 Qd8 25.Rh3 Qxg5+ 26.hxg5 Nf4 27.Re3 Red8 28.Rde1 Rac8 29.g3 Ne6
30.Bh3 Bxe4 31.Rxe4 Nxg5 32.Bxc8 Nxe4 33.Bxa6 Nd6 34.Rxe5 Rb8 35.a4 bxa4
36.Ra5 Ne4 37.Rxa4 Nxf2 38.Rd4 f5 39.Be2 Ne4 40.Rd3 Kf6 41.c3 Ke5  1/2-1/2

[Event "Biel Credis"]
[Site "Biel"]
[Date "1996.??.??"]
[Round "9"]
[White "Rogers, Ian"]
[Black "Pelletier, Yannick"]
[Result "1-0"]
[WhiteElo "2575"]
[BlackElo "2440"]

1.e4 c5 2.Nf3 d6 3.d4 cxd4 4.Nxd4 Nf6 5.Nc3 Nc6 6.Bg5 e6 7.Qd2 Be7 8.O-O-O O-O
9.f4 Nxd4 10.Qxd4 Qa5 11.Kb1 Rd8 12.Be2 h6 13.h4 e5 14.Qd3 exf4 15.Bxf4 Be6
16.Nd5 Nxd5 17.exd5 Bd7 18.g4 Rac8 19.Bd2 Qb6 20.g5 g6 21.Rdf1 h5 22.Be3 Qc7
23.Rxf7 Kxf7 24.Rf1+ Bf5 25.Rxf5+ gxf5 26.Qxf5+ Kg8 27.Qe6+ Kf8 28.Bd3 Bxg5
29.Bxg5 Qf7 30.Bh6+ Kg8 31.Bh7+ Kxh7 32.Qxf7+ Kxh6 33.Qxb7 Rg8 34.Qxa7 Rc5
35.b4  1-0

[Event "Bled op"]
[Site "Bled"]
[Date "1996.??.??"]
[Round "1"]
[White "Wapner, Jonathan"]
[Black "Rotstein, Arkadij"]
[Result "1-0"]
[WhiteElo "2235"]
[BlackElo "2445"]

1.e4 c5 2.Nf3 Nc6 3.d4 cxd4 4.Nxd4 Nf6 5.Nc3 d6 6.Bg5 e6 7.Qd2 a6 8.O-O-O h6
9.Be3 Qc7 10.f4 Rb8 11.Bd3 b5 12.e5 Nxd4 13.exf6 Nc6 14.Rhe1 b4 15.Ne4 d5
16.fxg7 Bxg7 17.Bc5 Qa5 18.Bc4 b3 19.Nd6+ Kd7 20.Qxa5 Nxa5 21.Bxb3 Nxb3+
22.axb3 Kc6 23.Ba3 Rf8 24.Rd3 a5 25.Rg3 Bf6 26.Ne4 dxe4 27.Bxf8 Bb7 28.Bg7 Bh4
29.Rc3+ Kd7 30.g3 Be7 31.Be5 Bd6 32.Rd1 Bd5 33.Re3 Bxe5 34.fxe5 Ke7 35.c4 Bc6
36.Kc2 Rc8 37.Rf1 f6 38.exf6+  1-0

[Event "Bled op"]
[Site "Bled"]
[Date "1996.??.??"]
[Round "2"]
[White "Wapner, Jonathan"]
[Black "Pavasovic, Dusko"]
[Result "1/2-1/2"]
[WhiteElo "2235"]
[BlackElo "2425"]

1.e4 c5 2.Nf3 d6 3.d4 cxd4 4.Nxd4 Nf6 5.Nc3 Nc6 6.Bg5 e6 7.Qd2 Be7 8.O-O-O O-O
9.f4 h6 10.Bh4 Qb6 11.Nxc6 bxc6 12.e5 dxe5 13.fxe5 Ne4 14.Nxe4 Bxh4 15.Qf4 Be7
16.Bd3 Rb8 17.b3 Qb4 18.Rhf1 a5 19.Kb1 a4 20.Rf3 axb3 21.cxb3 Qa3 22.Rg3 Rd8
23.Nd6 Bxd6 24.exd6 Ra8 25.Rd2 Kf8 26.Rf2 f5 27.Qe5 Ra7 28.Rxg7 Rxg7 29.Qf6+ Ke8
30.Qxg7 Rxd6 31.Bc2 Qc5 32.Re2 Kd8 33.Qxh6 Qg1+ 34.Kb2 Qd4+ 35.Kb1 Qg1+ 36.Kb2 Qd4+
37.Kb1  1/2-1/2

[Event "Bled op"]
[Site "Bled"]
[Date "1996.??.??"]
[Round "4"]
[White "David, Alberto"]
[Black "Kozul, Zdenko"]
[Result "1/2-1/2"]
[WhiteElo "2455"]
[BlackElo "2580"]

1.e4 c5 2.Nf3 Nc6 3.d4 cxd4 4.Nxd4 Nf6 5.Nc3 d6 6.Bg5 e6 7.Qd2 a6 8.O-O-O Bd7
9.f4 b5 10.Bxf6 gxf6 11.f5 Nxd4 12.Qxd4 Bh6+ 13.Kb1 Bf4 14.fxe6 fxe6 15.Ne2 Be5
16.Qd3 Qb6 17.g3 a5 18.Nf4 a4 19.Bh3 Ke7 20.Qf3 a3 21.Qg4 Rhg8 22.Nd5+ exd5
23.Qxd7+ Kf8 24.Rxd5 axb2 25.Qxb5 Qa7 26.Qb3 Rg7 27.Rb5 d5 28.Bf5 Qxa2+ 29.Qxa2 Rxa2
30.Kxa2 Ra7+ 31.Kb3 Ra1 32.c3 Rxh1 33.Kxb2 Rxh2+ 34.Kb3 dxe4 35.Bxe4 h5 36.Rb7 Bxg3
37.Bd5 Rf2 38.Rh7 h4 39.c4 Rf5 40.Kc3 Ke8 41.Kd3 Re5 42.Bc6+ Kd8 43.Rd7+ Kc8
44.Rf7 Rh5 45.Rxf6 h3 46.Be4 h2 47.Rf1 Bd6 48.Ke2 Rg5 49.Bh1 Rg1 50.Bd5 Be7
51.Rd1 Kd7 52.Rf1 Kd6 53.Rd1 Ke5 54.Rf1 Bc5 55.Rd1 Kf4 56.Rf1+ Kg4 57.Rd1 Kh4
58.Rf1 Kg3 59.Rf3+ Kg4 60.Rf1 Rg3 61.Rf7 Re3+ 62.Kf1 Rh3 63.Bh1 Ra3 64.Rg7+ Kf5
65.Rf7+ Kg5 66.Rd7 Ra1+ 67.Kg2 Bg1 68.Rg7+ Kf6 69.Rh7 Ra2+ 70.Kg3 Bd4 71.Kf4 Be5+
72.Ke4 Rc2 73.Kd5 Rd2+ 74.Kc6  1/2-1/2

[Event "SLO-chT"]
[Site "Bled"]
[Date "1996.??.??"]
[Round "4"]
[White "Zorko, Dusan"]
[Black "Vodopivec, Vladimir"]
[Result "1-0"]
[WhiteElo "2250"]
[BlackElo "1990"]

1.e4 c5 2.Nf3 Nc6 3.d4 cxd4 4.Nxd4 Nf6 5.Nc3 d6 6.Bg5 e5 7.Ndb5 a6 8.Na3 Be6
9.Nc4 Nd4 10.Ne3 Be7 11.Bd3 Nc6 12.Bxf6 Bxf6 13.O-O O-O 14.Bc4 Bxc4 15.Nxc4 Nd4
16.Nd5 Rc8 17.Nce3 Bg5 18.c3 Ne6 19.Nf5 Nc5 20.Qg4 h5 21.Nde7+ Kh7 22.Qxg5  1-0

[Event "Bled op"]
[Site "Bled"]
[Date "1996.??.??"]
[Round "9"]
[White "Drei, Andrea"]
[Black "Palac, Mladen"]
[Result "0-1"]
[WhiteElo "2325"]
[BlackElo "2545"]

1.e4 c5 2.Nf3 Nc6 3.d4 cxd4 4.Nxd4 Nf6 5.Nc3 d6 6.Bg5 e6 7.Qd2 a6 8.O-O-O h6
9.Be3 Nxd4 10.Bxd4 b5 11.Bd3 Be7 12.f4 Bb7 13.e5 dxe5 14.fxe5 Nd5 15.Ne4 Nb4
16.Rhf1 Nxd3+ 17.Qxd3 Rc8 18.Nd6+ Bxd6 19.exd6 Qxd6 20.Bxg7 Qxd3 21.Rxd3 Rg8
22.Bxh6 Rxg2 23.Rd2 Rxd2 24.Kxd2 Rc4 25.c3 Ra4 26.a3 Rg4 27.Rf2 Ke7 28.Be3 e5
29.h3 Rg3 30.h4 Ke6 31.Re2 Rh3 32.Bf4 f6 33.Rh2 Rf3 34.Be3 f5 35.h5 f4 36.Bb6 Be4
37.h6 Rd3+ 38.Ke1 Bh7 39.Bc7 Rd7 40.Bb6 e4 41.Rg2 Kf5 42.Rg7 Rxg7 43.hxg7 e3
44.b3 Ke4 45.Bc7 Bg8 46.c4 bxc4 47.bxc4 Bxc4 48.Bb8 f3 49.Bg3 Kf5  0-1

[Event "EUCup f"]
[Site "Budapest"]
[Date "1996.??.??"]
[Round "1"]
[White "Borriss, Martin"]
[Black "Wells, Peter K"]
[Result "1-0"]
[WhiteElo "2425"]
[BlackElo "2475"]

1.e4 c5 2.Nf3 Nc6 3.d4 cxd4 4.Nxd4 Nf6 5.Nc3 d6 6.Bg5 e6 7.Qd2 a6 8.O-O-O h6
9.Be3 Be7 10.f4 Bd7 11.h3 b5 12.Bd3 Nxd4 13.Bxd4 b4 14.Ne2 e5 15.Be3 Qa5
16.Kb1 Be6 17.b3 O-O 18.Rhf1 Rfd8 19.f5 Bd7 20.Bxh6 gxh6 21.Qxh6 Nh7 22.f6 Bf8
23.Qh5 Qc7 24.Bc4 Bb5 25.Bd5 Rac8 26.Rd2 Bc6 27.Ng3 Bxd5 28.exd5 Qc3 29.Ne4 Qe3
30.Qg4+ Kh8 31.Rd3 Qh6 32.Rg3 Qg6 33.Qf3 Qh6 34.h4 Qf4 35.Qe2 Qh6 36.h5 Rc3
37.Nxc3 bxc3 38.Qg4  1-0

[Event "EUCup f"]
[Site "Budapest"]
[Date "1996.??.??"]
[Round "1"]
[White "Tolnai, Tibor"]
[Black "Andresen, Steffen"]
[Result "1-0"]
[WhiteElo "2530"]
[BlackElo "2345"]

1.e4 c5 2.Nf3 Nc6 3.d4 cxd4 4.Nxd4 Nf6 5.Nc3 d6 6.Bg5 e6 7.Qd3 a6 8.O-O-O Bd7
9.Be2 Rc8 10.Rhe1 Nb4 11.Qe3 h6 12.Bxf6 Qxf6 13.Kb1 Be7 14.f4 O-O 15.Nf3 d5
16.Ne5 Bc5 17.Qg3 Bc6 18.exd5 Nxd5 19.Nxd5 exd5 20.Bf3 Rfd8 21.Ng4 Qd6 22.Bxd5 Kf8
23.Bf3 Qg6 24.Bxc6 Qxc6 25.Ne5 Qb5 26.Qh3 Bb4 27.Qb3 Rxd1+ 28.Rxd1 Rc7 29.a4 Qa5
30.Rd8+ Ke7 31.Rd7+  1-0

[Event "Budapest FS09 IM"]
[Site "Budapest"]
[Date "1996.??.??"]
[Round "2"]
[White "Kiss, Gedeon"]
[Black "Jovanovic, Sasa D"]
[Result "0-1"]
[WhiteElo "2190"]
[BlackElo "2370"]

1.e4 c5 2.Nf3 d6 3.d4 cxd4 4.Nxd4 Nf6 5.Nc3 Nc6 6.Bg5 e6 7.Qd2 a6 8.O-O-O h6
9.Be3 Be7 10.f3 Nxd4 11.Qxd4 b5 12.Kb1 Rb8 13.g4 b4 14.Ne2 e5 15.Qd3 Be6
16.h4 Qa5 17.c4 bxc3 18.Nxc3 O-O 19.g5 Rfc8 20.Bd2 Qa3 21.Qc2 Rxc3 22.Bxc3 Qxa2+
23.Kc1 Bb3 24.Qe2 Bxd1 25.Qxd1 hxg5 26.hxg5 Nxe4  0-1

[Event "Budapest FS07 GM"]
[Site "Budapest"]
[Date "1996.??.??"]
[Round "2"]
[White "Cao Sang"]
[Black "Csom, Istvan"]
[Result "1/2-1/2"]
[WhiteElo "2445"]
[BlackElo "2460"]

1.e4 c5 2.Nf3 d6 3.d4 cxd4 4.Nxd4 Nf6 5.Nc3 Nc6 6.Bg5 e6 7.Qd2 a6 8.O-O-O h6
9.Be3 Ng4 10.Nxc6 bxc6 11.Bc5 Bb7 12.h3 dxc5 13.hxg4 Qxd2+ 14.Rxd2 Be7 15.f4 e5
16.g3 Rd8 17.Rxd8+ Kxd8 18.Bc4 Bd6 19.Rf1 Rf8 20.Nd1 Bc8 21.Ne3 f6 22.f5 Ke7
23.Ng2 Kd8 24.Nh4 Kc7 25.Ng6 Rd8 26.c3 Kb6 27.Kc2 Bc7 28.Be6 Bb7 29.Rd1 Rxd1
30.Kxd1 Bd6 31.Ke2 a5 32.a4 c4 33.Bxc4 Bc8 34.Nh4 Bc5 35.Nf3 Bd6 36.Ne1 Kc5
37.b3 Kb6 38.Nd3 Bb7 39.Kf3 Bc5 40.Ne1 Ba3 41.Ke2 Bb2 42.Kd2 Ba3 43.Be2 Bc5
44.Nd3 Ba3 45.Nf2 Bd6 46.Nd1 Be7 47.Ne3 Kc5 48.Bd3 Bd8 49.Nc2 Kb6 50.Ne3 Kc5
51.Kc1 Bc7 52.Kb2 Bd8 53.Nc2 Kb6 54.Na3 Kc5 55.Be2 Be7 56.Kc2 Bc8 57.Bd3 Bd8
58.Nc4 Bb7 59.Bf1 Bc8 60.Nb2 Be7 61.Bc4 Bb7 62.Kd2 Kb6 63.Nd3 Bd6 64.Ke3 Be7
65.Kf2 Bc5+ 66.Kf3 Bc8 67.g5 hxg5 68.Kg4 g6 69.Be6 Bxe6 70.fxe6 Be7 71.b4 c5
72.bxc5+ Kc7 73.Kf3 Kd8 74.g4 Ke8 75.c6 Kd8 76.Nb2 Kc7 77.Nc4 Kxc6 78.Nxa5+ Kd6
79.Nc4+ Kxe6 80.Nb6 Bd8 81.a5 Kd6 82.c4 Kc6 83.Nd5 Bxa5 84.Nxf6 Bd8 85.Nd5 Kc5
86.Ke2 Kxc4 87.Ke3 Ba5 88.Ne7 Bb6+ 89.Kf3 Bc5 90.Nxg6 Kd4 91.Nh8 Be7 92.Nf7 Bf6
93.Nd6  1/2-1/2

[Event "EUCup f"]
[Site "Budapest"]
[Date "1996.??.??"]
[Round "3"]
[White "Tseshkovsky, Vitaly"]
[Black "Makarov, Marat"]
[Result "1-0"]
[WhiteElo "2495"]
[BlackElo "2560"]

1.e4 c5 2.Nf3 Nc6 3.d4 cxd4 4.Nxd4 Nf6 5.Nc3 d6 6.Bg5 e6 7.Qd2 a6 8.O-O-O h6
9.Be3 Be7 10.f4 Nxd4 11.Bxd4 b5 12.Bd3 b4 13.Ne2 e5 14.Be3 Rb8 15.Kb1 O-O
16.h3 Qa5 17.fxe5 dxe5 18.g4 Be6 19.b3 Rfd8 20.Ng3 Bc5 21.g5 Bxe3 22.Qxe3 hxg5
23.Qxg5 Nh7 24.Qh4 Rd6 25.Nh5 Qd8 26.Qg3 Qg5 27.Qxg5 Nxg5 28.Rdg1 Nxh3 29.Rxg7+ Kf8
30.Rf1 Rbd8 31.Rg3 Ke7 32.Rff3 Nf4 33.Nxf4 exf4 34.Rxf4 a5 35.Kb2 Rc6 36.Rg5 Ra8
37.Rb5 Rc7 38.Rh4 Bd7 39.Rb6 Bc6 40.Bc4 Raa7 41.Rf4 Be8 42.Rf5 Ra8 43.Rh6 Kf8
44.Rg5 Rcc8 45.Bb5 Bxb5 46.Rh8+ Ke7 47.Rxc8 Rxc8 48.Rxb5 Rc3 49.a3 Re3 50.axb4 axb4
51.Rxb4 Ke6 52.Rc4 Ke5 53.b4  1-0

[Event "Budapest FS04 GM"]
[Site "Budapest"]
[Date "1996.??.??"]
[Round "3"]
[White "Cao Sang"]
[Black "Videki, Sandor"]
[Result "1-0"]
[WhiteElo "2455"]
[BlackElo "2460"]

1.e4 c5 2.Nf3 d6 3.d4 cxd4 4.Nxd4 Nf6 5.Nc3 Nc6 6.Bg5 e6 7.Qd2 a6 8.O-O-O h6
9.Be3 Be7 10.f3 Nxd4 11.Qxd4 e5 12.Qd3 Be6 13.g4 Rc8 14.Kb1 b5 15.Be2 Qa5
16.Nd5 Bxd5 17.exd5 Nd7 18.h4 Qd8 19.Qa3 O-O 20.Bd3 Nc5 21.Bf5 Rb8 22.Bxh6 gxh6
23.Qe3 Kg7 24.g5 hxg5 25.hxg5 Rh8 26.f4 Qc7 27.g6 f6 28.Rh7+ Rxh7 29.gxh7 Kh8
30.Rg1  1-0